[Event "Panchenko Memorial-A 2021"]
[Site "Chelyabinsk"]
[Date "2021.09.18"]
[Round "6.4"]
[White "Ansat, Aldiyar"]
[Black "Pridorozhni, Aleksei"]
[Result "0-1"]
[WhiteElo "2396"]
[BlackElo "2550"]
[Annotator "ChessBase"]
[PlyCount "136"]
[EventDate "2021.09.13"]
[EventType "swiss"]
[EventCountry "RUS"]
[SourceTitle "playchess.com"]
[Source "ChessBase"]
[SourceQuality "1"]
[TimeControl "5400+30"]

1. e4 {[%emt 0:00:02]} e5 {[%emt 0:00:07]} 2. Nf3 {[%emt 0:00:09]} Nf6 {[%emt 0:00:08]} 3. Nxe5 {[%emt 0:00:20]} d6 {[%emt 0:00:07]} 4. Nf3 {[%emt 0:00:11]} Nxe4 {[%emt 0:00:07]} 5. Bd3 {[%emt 0:00:24]} Nf6 {[%emt 0:00:07]} 6. O-O {[%emt 0:00:37]} Be7 {[%emt 0:00:05]} 7. h3 {[%emt 0:08:01]} O-O {[%emt 0:00:10]} 8. c3 {[%emt 0:01:27]} Nbd7 {[%emt 0:05:10]} 9. Bc2 {[%emt 0:03:06]} Ne5 {[%emt 0:08:25]} 10. d4 {[%emt 0:04:10]} Nxf3+ {[%emt 0:00:17]} 11. Qxf3 {[%emt 0:00:02]} c6 {[%emt 0:00:11]} 12. Re1 {[%emt 0:04:48]} Be6 {[%emt 0:00:30]} 13. Bg5 {[%emt 0:08:28]} Qb6 {[%emt 0:06:53]} 14. b3 {[%emt 0:03:59]} Qa5 {[%emt 0:00:26]} 15. Bh4 {[%emt 0:05:55]} Rfe8 {[%emt 0:00:49]} 16. Nd2 {[%emt 0:07:13]} Qh5 {[%emt 0:11:42]} 17. Qxh5 {[%emt 0:11:43]} Nxh5 {[%emt 0:00:17]} 18. Bxe7 {[%emt 0:00:12]} Rxe7 {[%emt 0:00:05]} 19. Re3 {[%emt 0:09:35]} Nf6 {[%emt 0:02:59]} 20. c4 {[%emt 0:04:46]} Kf8 {[%emt 0:02:44]} 21. Rae1 {[%emt 0:02:54]} Rae8 {[%emt 0:01:29]} 22. g4 {[%emt 0:11:08]} h6 {[%emt 0:00:16]} 23. f3 {[%emt 0:02:09]} c5 {[%emt 0:01:18]} 24. dxc5 {[%emt 0:02:19]} dxc5 {[%emt 0:00:06]} 25. f4 {[%emt 0:01:04]} b6 {[%emt 0:01:41]} 26. Nf3 {[%emt 0:01:36]} Bc8 {[%emt 0:00:37]} 27. Kf2 {[%emt 0:01:26]} Bb7 {[%emt 0:01:46]} 28. Ne5 {[%emt 0:01:13]} g5 {[%emt 0:00:42]} 29. Kg3 {[%emt 0:00:35]} Kg7 {[%emt 0:00:19]} 30. Bf5 {[%emt 0:03:03]} Rd8 {[%emt 0:03:55]} 31. fxg5 {[%emt 0:01:59]} hxg5 {[%emt 0:00:06]} 32. h4 {[%emt 0:00:25]} gxh4+ {[%emt 0:01:08]} 33. Kxh4 {[%emt 0:00:01]} Rd2 {[%emt 0:02:07]} 34. R3e2 {[%emt 0:01:02]} Rxe2 {[%emt 0:00:38]} 35. Rxe2 Ne4 {[%emt 0:01:53]} 36. Nd3 {[%emt 0:00:41]} Kf6 {[%emt 0:00:06]} 37. Bxe4 {[%emt 0:01:40]} Rxe4 {[%emt 0:01:23]} 38. Rf2+ {[%emt 0:00:01]} Ke7 {[%emt 0:00:07]} 39. Nf4 {[%emt 0:01:00]} Re1 {[%emt 0:01:58]} 40. Kg5 {[%emt 0:00:11]} Rg1 {[%emt 0:03:13]} 41. Re2+ {[%emt 0:00:44]} Kf8 {[%emt 0:00:47]} 42. Rd2 {[%emt 0:00:09]} Ke7 {[%emt 0:00:55]} 43. Re2+ {[%emt 0:00:02]} Kd6 {[%emt 0:00:15]} 44. Re8 {[%emt 0:01:27]} Bf3 {[%emt 0:00:38]} 45. Kf6 {[%emt 0:00:30]} Rxg4 {[%emt 0:01:48]} 46. Kf5 {[%emt 0:00:22]} Rg1 {[%emt 0:00:48]} 47. Rd8+ {[%emt 0:00:37]} Ke7 {[%emt 0:00:13]} 48. Rb8 {[%emt 0:00:32]} Ra1 {[%emt 0:00:30]} 49. Rc8 {[%emt 0:00:15]} Kd6 {[%emt 0:02:20]} 50. Rd8+ {[%emt 0:00:08]} Kc7 {[%emt 0:00:46]} 51. Rf8 {[%emt 0:00:02]} Rxa2 {[%emt 0:00:11]} 52. Rxf7+ {[%emt 0:00:01]} Kb8 {[%emt 0:00:07]} 53. Ke6 {[%emt 0:02:02]} Rh2 {[%emt 0:01:09]} 54. Nd3 {[%emt 0:00:31]} Rh6+ {[%emt 0:00:19]} 55. Ke7 {[%emt 0:00:25]} Bg4 {[%emt 0:00:24]} 56. Nf4 {[%emt 0:00:33]} Bd1 {[%emt 0:00:26]} 57. Rf8+ {[%emt 0:00:32]} Kb7 {[%emt 0:00:06]} 58. Nd3 {[%emt 0:00:32]} Bxb3 {[%emt 0:00:19]} 59. Ne5 {[%emt 0:00:01]} a5 {[%emt 0:01:00]} 60. Nf7 {[%emt 0:00:32]} Rh7 {[%emt 0:00:21]} 61. Kd8 {[%emt 0:00:54]} a4 {[%emt 0:00:37]} 62. Ng5 {[%emt 0:00:31]} Rc7 {[%emt 0:00:28]} 63. Rf4 {[%emt 0:00:29]} a3 {[%emt 0:00:21]} 64. Ne6 {[%emt 0:00:06]} Rc8+ {[%emt 0:00:23]} 65. Kd7 {[%emt 0:00:08]} a2 {[%emt 0:00:09]} 66. Rf1 {[%emt 0:00:15]} Bxc4 {[%emt 0:00:06]} 67. Ra1 {[%emt 0:00:05]} Bxe6+ {[%emt 0:00:06]} 68. Kxe6 {[%emt 0:00:05]} Ra8 {[%emt 0:00:03]} 0-1

[Event "Panchenko Memorial-A 2021"]
[Site "Chelyabinsk"]
[Date "2021.09.18"]
[Round "6.5"]
[White "Afanasiev, Nikita"]
[Black "Lazavik, Denis"]
[Result "1-0"]
[WhiteElo "2548"]
[BlackElo "2440"]
[Annotator "ChessBase"]
[PlyCount "83"]
[EventDate "2021.09.13"]
[EventType "swiss"]
[EventCountry "RUS"]
[SourceTitle "playchess.com"]
[Source "ChessBase"]
[SourceQuality "1"]
[TimeControl "5400+30"]

1. Nf3 {[%emt 0:09:31]} d5 {[%emt 0:00:26]} 2. g3 {[%emt 0:00:06]} Bg4 {[%emt 0:01:03]} 3. Bg2 {[%emt 0:00:17]} c6 {[%emt 0:00:47]} 4. O-O {[%emt 0:01:17]} Nf6 {[%emt 0:00:39]} 5. h3 {[%emt 0:00:44]} Bh5 {[%emt 0:03:09]} 6. d3 {[%emt 0:02:37]} Nbd7 {[%emt 0:00:53]} 7. g4 {[%emt 0:06:36]} Bg6 {[%emt 0:00:43]} 8. Nh4 {[%emt 0:00:06]} e5 {[%emt 0:09:14]} 9. e3 {[%emt 0:01:43]} Ng8 {[%emt 0:20:37]} 10. Nxg6 {[%emt 0:10:10]} hxg6 {[%emt 0:00:17]} 11. Nd2 {[%emt 0:00:06]} Bc5 {[%emt 0:10:28]} 12. c4 {[%emt 0:05:19]} Ne7 {[%emt 0:03:36]} 13. cxd5 {[%emt 0:05:56]} cxd5 {[%emt 0:01:39]} 14. Qb3 {[%emt 0:03:56]} Qc7 {[%emt 0:07:06]} 15. Nb1 {[%emt 0:03:45]} O-O {[%emt 0:09:51]} 16. Nc3 {[%emt 0:02:06]} d4 {[%emt 0:06:29]} 17. exd4 {[%emt 0:14:10]} exd4 {[%emt 0:00:29]} 18. Ne4 {[%emt 0:00:37]} Nc6 {[%emt 0:01:45]} 19. Bd2 {[%emt 0:00:57]} Rae8 {[%emt 0:02:42]} 20. Rac1 {[%emt 0:00:36]} Bb6 {[%emt 0:04:34]} 21. f4 {[%emt 0:10:49]} Qb8 {[%emt 0:03:14]} 22. f5 {[%emt 0:04:38]} Kh8 {[%emt 0:02:45]} 23. Qd1 {[%emt 0:06:24]} Nde5 {[%emt 0:02:40]} 24. Qe1 {[%emt 0:01:18]} f6 {[%emt 0:01:09]} 25. Qh4+ {[%emt 0:00:54]} Kg8 {[%emt 0:00:06]} 26. fxg6 {[%emt 0:00:19]} Nxg6 {[%emt 0:00:09]} 27. Qh5 {[%emt 0:02:18]} Re5 {[%emt 0:02:39]} 28. g5 {[%emt 0:03:58]} Nce7 {[%emt 0:00:45]} 29. Bb4 {[%emt 0:00:47]} Qd8 {[%emt 0:01:00]} 30. Rf2 {[%emt 0:01:50]} Rf7 {[%emt 0:02:25]} 31. Rcf1 {[%emt 0:00:29]} Nh8 {[%emt 0:00:38]} 32. Qd1 {[%emt 0:00:30]} fxg5 {[%emt 0:01:12]} 33. Nd6 {[%emt 0:00:49]} Rxf2 {[%emt 0:00:15]} 34. Rxf2 {[%emt 0:00:03]} Qd7 {[%emt 0:00:44]} 35. Qh5 {[%emt 0:01:06]} Nhg6 {[%emt 0:00:36]} 36. Nf7 {[%emt 0:00:19]} Rf5 {[%emt 0:00:27]} 37. Rxf5 {[%emt 0:00:50]} Qxf5 {[%emt 0:00:22]} 38. Nxg5 {[%emt 0:00:06]} Bd8 {[%emt 0:01:16]} 39. Be4 {[%emt 0:01:00]} Qe5 {[%emt 0:00:08]} 40. Qh7+ {[%emt 0:00:39]} Kf8 {[%emt 0:00:05]} 41. Qxg6 {[%emt 0:00:07]} Qg3+ {[%emt 0:00:34]} 42. Kh1 {[%emt 0:00:04]} 1-0

[Event "Panchenko Memorial-A 2021"]
[Site "Chelyabinsk"]
[Date "2021.09.18"]
[Round "6.6"]
[White "Volkov, Sergey"]
[Black "Drygalov, Sergey"]
[Result "1/2-1/2"]
[WhiteElo "2534"]
[BlackElo "2500"]
[Annotator "TA"]
[PlyCount "55"]
[EventDate "2021.09.13"]
[EventType "swiss"]
[EventCountry "RUS"]
[SourceTitle "playchess.com"]
[Source "ChessBase"]
[SourceQuality "1"]

{[%evp 13,55,10,22,10,9,17,28,31,37,14,12,13,17,13,16,19,19,17,17,22,24,26,30,31,49,16,15,11,14,0,0,0,0,0,0,0,0,0,0,0,0,0,0,0]} 1. d4 Nf6 2. c4 e6 3. Nf3 d5 4. Nc3 c6 5. e3 Nbd7 6. Be2 dxc4 7. a4 Bb4 8. Bxc4 {D45: Semi-Slav: 5 e3.} O-O 9. O-O Qc7 10. Bd2 {White has an edge.} e5 {[#]} 11. Ne4 $146 ({Predecessor:} 11. Qc2 e4 12. Ne1 Nb6 13. Be2 Bf5 14. g3 Nbd5 15. Ng2 Rad8 16. Qd1 Qd7 17. f3 Bxc3 18. bxc3 exf3 19. Bxf3 {½-½ (25) Clevers,M-Van der Borgt,P (2059) Gravenpolder 2009}) 11... Bxd2 12. Nxf6+ Nxf6 13. dxe5 ({Reject} 13. Nxd2 exd4 14. exd4 Rd8 $15) 13... Ng4 {[#] Strongly threatening ...Ba5.} 14. Qxd2 {Qd4 is the strong threat.} Nxe5 15. Nxe5 Qxe5 16. Qb4 Rb8 17. Rfd1 Bg4 18. Rd2 Qg5 19. f4 Qf6 {The position is equal.} 20. h3 Bf5 21. Qd6 Qxd6 22. Rxd6 Rfd8 23. Rad1 Rxd6 24. Rxd6 Kf8 25. Rd4 Re8 26. g4 Bc2 27. Kf2 Re4 28. a5 {Weighted Error Value: White=0.05/Black=0.03} 1/2-1/2

[Event "Panchenko Memorial-A 2021"]
[Site "Chelyabinsk"]
[Date "2021.09.18"]
[Round "6.7"]
[White "Kokarev, Dmitry"]
[Black "Gutenev, Alexander"]
[Result "1-0"]
[WhiteElo "2584"]
[BlackElo "2430"]
[Annotator "TA"]
[PlyCount "67"]
[EventDate "2021.09.13"]
[EventType "swiss"]
[EventCountry "RUS"]
[SourceTitle "playchess.com"]
[Source "ChessBase"]
[SourceQuality "1"]

{[%evp 18,67,43,24,39,24,15,11,40,39,62,61,113,112,127,107,130,135,134,150,146,143,276,273,306,301,519,525,511,513,525,520,527,512,479,298,296,289,269,272,328,323,335,310,442,434,389,379,491,471,447,438]} 1. e4 c5 2. Nf3 Nc6 3. d4 cxd4 4. Nxd4 Nf6 5. Nc3 d6 6. Bg5 e6 7. Qd2 a6 8. O-O-O Bd7 9. f4 Be7 10. Nb3 b5 {B68: Sicilian: Richter-Rauzer: 7...a6 8 0-0-0 Bd7 9 f4 Be7 .} 11. Bxf6 gxf6 12. f5 Qb6 {The position is equal.} 13. Kb1 O-O-O {[#]} 14. a4 $146 {[%cal Ra4b5]} ({Predecessor:} 14. Bd3 Kb8 15. Rhf1 h5 16. Rf3 Ne5 17. Rg3 Bc6 18. Ne2 h4 19. Rh3 exf5 20. exf5 Bxg2 21. Re3 Bb7 22. Nf4 Bf8 23. Be2 Bh6 24. Rh3 Bg5 25. Rf1 Bg2 {0-1 (25) Sainz Aguirre,I-Sorokin,M (2510) Maringa 1991}) 14... b4 ({Black should play} 14... Ne5 $14) 15. Ne2 Kb8 16. Nf4 Bc8 17. fxe6 fxe6 18. Bc4 d5 19. exd5 e5 {[#]} (19... Ne5 $16) 20. Qe2 $1 $18 Na5 {[#]} (20... Na7 21. g4) 21. d6 $1 Nxb3 $2 (21... Rxd6 22. Nd5 Rxd5 23. Bxd5 h5) 22. dxe7 Rxd1+ 23. Rxd1 Nd4 24. Nd5 Qc6 {[#]} 25. Rxd4 {[%mdl 576] Promotion} exd4 {[#]} 26. Nxf6 $1 {[%mdl 576] Promotion} Qxf6 27. e8=Q Rxe8 28. Qxe8 Kc7 29. Qh5 Qe7 30. Qa5+ Kb8 (30... Kc6 $142 31. Qd5+ (31. Bxa6 $2 Qe1+ 32. Ka2 b3+ {[%mdl 64] Discovered Attack} 33. cxb3 Qxa5 $19) 31... Kc7 32. Qxd4 Bb7) 31. Qb6+ Qb7 32. Qxd4 Qxg2 33. Qd6+ Ka7 34. Qc5+ {Black did not feel at home in the position after the opening.  Weighted Error Value: White=0.12/Black=0.41} 1-0

[Event "Panchenko Memorial-A 2021"]
[Site "Chelyabinsk"]
[Date "2021.09.18"]
[Round "6.8"]
[White "Faizrakhmanov, Ramil"]
[Black "Sargsyan, Shant"]
[Result "1/2-1/2"]
[WhiteElo "2488"]
[BlackElo "2642"]
[Annotator "TA"]
[PlyCount "124"]
[EventDate "2021.09.13"]
[EventType "swiss"]
[EventCountry "RUS"]
[SourceTitle "playchess.com"]
[Source "ChessBase"]
[SourceQuality "1"]

{[%evp 17,124,36,59,64,54,56,68,20,29,26,20,12,25,22,20,0,0,0,0,5,7,0,4,0,0,0,0,0,0,0,0,0,0,0,0,0,0,0,0,0,0,0,0,0,0,0,0,0,0,0,0,0,0,0,0,0,0,0,0,0,0,0,0,0,0,0,0,0,0,0,0,0,0,0,0,0,0,0,0,0,0,0,0,0,0,0,0,0,0,0,0,0,0,0,0,0,0,0,0,0,0,0,0,0,0,0,0,0,0]} 1. d4 Nf6 2. c4 d6 3. Nc3 e5 4. Nf3 Nbd7 5. Bg5 Be7 6. e3 O-O 7. Be2 c6 8. O-O Re8 9. Qc2 Qc7 10. Rfd1 {A54: Old Indian Defence with Nf3, but without e4.} Nf8 11. h3 Ng6 12. Nh4 {[#] White is slightly better.} (12. Bd3 {looks sharper.} Be6 13. a4 a5 14. Rac1 Rad8 15. b3) 12... h6 $146 ({Predecessor:} 12... Nxh4 13. Bxh4 Be6 14. Bg3 Qa5 15. a3 exd4 16. Rxd4 Rad8 17. b4 Qg5 18. Bf4 Qg6 {1-0 (51) Bukal,V (2408)-Villing,D (2181) Saint Vincent 2003}) 13. dxe5 dxe5 14. Bxf6 Nxh4 15. Bxh4 Bxh4 {The position is equal.} 16. Bg4 Be7 17. Rd2 g6 18. Bxc8 Raxc8 19. Rad1 Rcd8 20. a3 Kg7 21. Rxd8 Rxd8 22. Rxd8 Qxd8 23. g4 Qd7 24. Kg2 f5 25. gxf5 gxf5 26. e4 f4 27. Qe2 Bc5 28. Nb1 a5 29. Nd2 a4 30. Nf3 Kf6 31. Nh4 Qg7+ 32. Kf1 Qf7 33. Nf5 h5 34. Qd3 Qg8 35. Qe2 Qf7 36. Qc2 Qg8 37. Qd3 Ke6 38. b4 axb3 $1 39. Qxb3 Kf6 40. a4 b6 41. Qd3 Ke6 (41... Qc8 {feels hotter.} 42. h4 Qe8 43. Nh6 Kg6 44. Nf5 Kf6) 42. Nh4 Qa8 43. Qd1 Qa6 44. Qb3 Kf6 45. Nf5 Qc8 46. Qd3 Qe8 47. Ke2 Qc8 48. Kf3 Qe8 49. Qd1 Bf8 50. h4 Qg6 {[%csl Gh5][%cal Rg6g4]} 51. Qd8+ {[%mdl 64] [#] Double Attack} Kf7 {[%csl Gh5][%cal Rg6g4]} 52. Qd7+ Kg8 {[%csl Gh5][%cal Rg6g4]} 53. Ke2 Qg4+ 54. Kd2 Bb4+ 55. Kc2 {Black must now prevent Nh6+.} Qe2+ 56. Kb3 {[%csl Gf5][%cal Rd7g7]} Bf8 {Hoping for ...Qf3+.} 57. Qe6+ {[%mdl 64] [#] Double Attack} Kh8 58. Qxe5+ Kh7 59. Qd4 Qf3+ 60. Kc2 Qe2+ 61. Kb3 Qf3+ 62. Kc2 Qe2+ {Weighted Error Value: White=0.02/Black=0.01} 1/2-1/2

[Event "Panchenko Memorial-A 2021"]
[Site "Chelyabinsk"]
[Date "2021.09.18"]
[Round "6.9"]
[White "Petrosyan, Manuel"]
[Black "Grebnev, Aleksey"]
[Result "1-0"]
[WhiteElo "2611"]
[BlackElo "2473"]
[Annotator "TA"]
[PlyCount "65"]
[EventDate "2021.09.13"]
[EventType "swiss"]
[EventCountry "RUS"]
[SourceTitle "playchess.com"]
[Source "ChessBase"]
[SourceQuality "1"]

{[%evp 12,65,8,4,24,19,35,30,39,25,42,16,38,30,33,3,66,33,49,41,50,49,39,47,69,54,57,54,89,85,99,70,76,73,77,78,67,70,79,71,203,204,375,404,402,400,371,392,383,381,367,358,761,461,964,964]} 1. d4 Nf6 2. c4 e6 3. g3 d5 4. Bg2 Bb4+ 5. Nd2 O-O 6. a3 Be7 7. Ngf3 c6 {E11: Bogo-Indian.} 8. O-O Nbd7 9. Qc2 b6 {White has an edge.} 10. e4 Bb7 11. Rd1 Rc8 12. e5 Ne8 13. b4 {[#]} a5 $146 (13... c5 $1 $11) ({Predecessor:} 13... c5 14. dxc5 bxc5 15. b5 Qc7 16. Re1 g6 17. Nf1 Ng7 18. Bf4 Qa5 19. a4 Nf5 {0-1 (49) Demina,J (2365)-Kulish,I (2225) Jakarta 1993}) 14. c5 Ba6 15. Nb3 Bc4 16. Bf4 axb4 17. axb4 Ra8 18. Bf1 Bxf1 $1 19. Rxf1 h6 20. Rxa8 Qxa8 21. cxb6 $40 {[%mdl 128] White mounts an attack.} Nxb6 22. Ra1 Qc8 23. Na5 Nc4 24. Qa4 Nc7 25. Nxc6 Qd7 {Black cannot hold the game after this.} (25... Re8 $16 {keeps fighting.}) 26. b5 $18 Ra8 $2 {[#]} (26... Nb6 27. Qb3 Rc8) 27. Qxa8+ $1 Nxa8 28. Rxa8+ Bf8 {Black wants to play ...Na3.} 29. Bd2 Qb7 30. Rb8 Qc7 31. h4 h5 $2 {[#]} (31... f5 32. Kf1 f4 33. gxf4 (33. Bxf4 Na5 $11) 33... Qf7) 32. Kg2 g6 (32... Na3 $142 33. Ba5 Qxb8 34. Nxb8 Nxb5) 33. Bg5 {Weighted Error Value: White=0.21/Black=0.27} 1-0

[Event "Panchenko Memorial-A 2021"]
[Site "Chelyabinsk"]
[Date "2021.09.18"]
[Round "6.10"]
[White "Nesterov, Arseniy"]
[Black "Azarov, Sergei"]
[Result "1-0"]
[WhiteElo "2483"]
[BlackElo "2603"]
[Annotator "TA"]
[PlyCount "139"]
[EventDate "2021.09.13"]
[EventType "swiss"]
[EventCountry "RUS"]
[SourceTitle "playchess.com"]
[Source "ChessBase"]
[SourceQuality "1"]

{[%evp 12,139,24,8,10,8,11,0,0,0,0,0,0,0,0,-25,47,19,43,9,9,10,11,17,12,6,33,15,41,51,145,145,142,139,208,201,162,137,319,126,113,121,122,9,23,16,16,6,6,6,6,7,11,4,14,0,0,0,16,16,16,0,6,0,9,6,25,25,25,25,25,11,75,83,78,62,73,25,39,10,10,0,11,11,29,10,16,0,0,0,0,0,0,0,6,6,6,0,6,11,10,12,234,226,206,201,500,486,470,366,654,603,12840,1882,12846,12841,12847,12847,12850,12850,12850,12850,27997,27997,27998,27998,27999,27999,27998,27998]} 1. d4 Nf6 2. c4 e6 3. g3 d5 4. Nf3 dxc4 5. Bg2 Bb4+ 6. Bd2 a5 7. O-O O-O {E04: Open Catalan: 5 Nf3.} 8. Qc2 Bxd2 9. Nbxd2 b5 $1 {The position is equal.} 10. a4 c6 11. b3 cxb3 12. Nxb3 Ba6 13. Rfc1 {[#]} Nbd7 $146 (13... b4 $11) ({Predecessor:} 13... bxa4 14. Rxa4 Bb5 15. Ra3 Nbd7 16. e3 a4 17. Nc5 Qe7 18. Ng5 Rad8 19. Nxd7 Rxd7 {0-1 (46) Ushenina,A (2431)-Bachmann,A (2629) Douglas 2019}) 14. Qxc6 bxa4 15. Qxa4 Bxe2 16. Ne5 Nxe5 17. dxe5 Nd5 18. Nxa5 Qg5 19. Re1 $36 {[%mdl 2048] Strongly threatening Bxd5. White has some pressure.} Qh5 ({But not} 19... Qxe5 $2 20. Bxd5 (20. Qc2 Qc3 $16) 20... Qxd5 21. Rxe2 $18) 20. h3 Rfb8 ({Don't go for} 20... Qxe5 $2 21. Bxd5 (21. Qc2 Qc3 $16) 21... Qxd5 22. Rxe2 $18) (20... h6 $14) 21. Qd4 $1 $16 Bb5 {[#]} 22. Nb7 $1 {[%mdl 512]} Rxa1 (22... Bc6 $16) 23. Rxa1 $18 Bc6 24. Nd6 {Hoping for Rc1.} Qe2 $2 (24... Rf8 $16) 25. Rc1 $2 (25. Qa7 $1 $18 {[%cal Ra7b8]} Rf8 26. Rc1) 25... Qa6 $16 26. Qc5 $1 {[%cal Rc5c6]} Ba8 {[#]} 27. Nc8 (27. Nxf7 $1 $16 {[%mdl 512] Black must now prevent Bf1.} h6 28. Bf1 $1) 27... h6 {[#]} 28. Qd6 $1 Qxd6 29. exd6 Nf6 30. Bxa8 Rxa8 $11 {[%mdl 4096] Endgame KRN-KRN} 31. Kg2 Kf8 32. Rc7 Ke8 33. Re7+ Kf8 $1 34. Rc7 Ke8 35. Nb6 Rd8 36. Rc6 Nd7 37. Nc4 f6 38. Rc7 e5 39. Na5 Ra8 40. Nc6 h5 41. Kf3 f5 (41... Ra3+ $11 42. Ke4 h4) 42. Ne7 $16 Ra3+ 43. Ke2 f4 44. Nf5 {gxf4 is the strong threat.} fxg3 45. Nxg7+ Kd8 46. Ne6+ Ke8 47. Ng5 {[%cal Rc7c8]} Kd8 48. fxg3 Rxg3 {And now ...Rg2+ would win.} 49. h4 (49. Nf7+ {is more complex.} Ke8 50. Nh6 Kd8 51. Ra7 Rb3 52. Kf1) 49... Ra3 50. Ne6+ (50. Rc4 {seems wilder.} Nb6 51. Rb4 Nd7 52. Kf2 Ra2+ 53. Kf3) 50... Ke8 51. Rc8+ Kf7 52. Ng5+ Kf6 53. Rc7 Nb6 54. Rf7+ Kg6 55. Rb7 Ra2+ 56. Kd3 Ra3+ $2 (56... Ra6 $1 $11) 57. Kc2 $1 $18 Ra6 58. Ne6 $1 Kf5 $2 {[#]} (58... e4 59. Nc7 Ra2+ 60. Kb3 Ra1) 59. Nc7 $1 {[%cal Rc7a6]} Ra2+ 60. Kb1 Rd2 (60... Rh2 61. Rxb6 Rh1+ 62. Kc2 Rxh4) 61. Rxb6 {KRN-KR} e4 62. Rb5+ Kf6 63. Kc1 e3 64. Rd5 Rxd5 65. Nxd5+ {KN-KPP} Ke6 66. Nf4+ Kxd6 67. Nxh5 {White mates.} Ke5 68. Kd1 Kf5 {[#]} 69. Ng3+ $1 Kg4 70. h5 {Weighted Error Value: White=0.10/Black=0.31} 1-0

[Event "Panchenko Memorial-A 2021"]
[Site "Chelyabinsk"]
[Date "2021.09.19"]
[Round "7.1"]
[White "Salemgareev, Tagir"]
[Black "Lintchevski, Daniil"]
[Result "1-0"]
[WhiteElo "2463"]
[BlackElo "2561"]
[Annotator "TA"]
[PlyCount "141"]
[EventDate "2021.09.13"]
[EventType "swiss"]
[EventCountry "RUS"]
[SourceTitle "playchess.com"]
[Source "ChessBase"]
[SourceQuality "1"]

{[%evp 10,141,31,32,20,17,23,18,19,0,1,0,14,16,27,17,16,0,20,-7,-6,-4,11,9,18,17,17,14,29,20,24,17,27,0,8,12,33,40,78,41,62,49,53,43,41,42,58,0,0,0,52,37,0,26,154,149,152,142,156,-42,91,91,91,91,91,91,91,91,91,91,95,90,47,10,14,15,26,0,0,-14,8,0,8,8,8,0,0,0,8,8,8,8,8,-278,74,80,95,84,76,0,0,0,0,0,0,0,0,0,0,0,0,0,558,487,1018,910,4674,4133,2398,2333,2079,1996,2145,1822,29975,29976,29975,29977,29977,29978,29980,29981,29981,29982]} 1. d4 d5 2. c4 c6 3. Nf3 Nf6 4. Nc3 a6 5. e3 Bf5 6. Qb3 Ra7 {D15: Slav Defence: 4 Nc3 a6 and gambit lines after 4 Nc3 dxc4.} 7. Nh4 Bc8 8. a4 e6 {The position is equal.} 9. Nf3 a5 10. Be2 Be7 11. O-O O-O {[#]} 12. Rd1 $146 ({Predecessor:} 12. Bd2 b6 13. Rad1 Na6 14. Qc2 Nb4 15. Qb1 Bb7 16. b3 Qc7 17. cxd5 exd5 18. e4 dxe4 19. Nxe4 Nxe4 20. Qxe4 {½-½ (39) Turczynski,M (2150)-Tritt,M (2075) ICCF email 2018}) 12... Na6 13. Bd2 Nb4 14. Be1 b6 15. Na2 {[%cal Re1b4]} Nxa2 16. Qxa2 Nd7 17. Rac1 Bb7 18. Qb1 g6 19. Bc3 Re8 20. b3 Bf8 21. e4 Bg7 22. cxd5 cxd5 23. e5 Qa8 24. Rc2 Ba6 25. Bxa6 Rxa6 26. Bd2 Ra7 27. Qc1 b5 28. Bh6 (28. axb5 $14 Qb7 29. Bh6) 28... bxa4 29. bxa4 Nb6 (29... Bxh6 $11 30. Qxh6 Rc8) 30. Bxg7 Kxg7 31. h4 Nxa4 (31... Rc8 $11) 32. h5 $1 $16 Nb6 33. Qf4 {[%mdl 1024] White has strong compensation.} Qd8 34. Rb1 $2 ({White should play} 34. h6+ $16 Kg8 35. Rc6) 34... Nd7 (34... Nc4 $15 {keeps the upper hand.}) 35. h6+ Kg8 36. Rbc1 $1 ({Worse is} 36. Ng5 Qe7 $17) 36... f5 37. exf6 $1 Qxf6 38. Qxf6 Nxf6 39. Rc7 $1 {[%cal Rc7a7]} Rxc7 40. Rxc7 {[%mdl 4096] Endgame Hoping for Ne5. KRN-KRN} Kf8 41. Ng5 (41. Ne5 $5 {[%cal Rc7f7]} Re7 42. Rc8+ Re8 43. Rc5 $14) 41... Re7 42. Rc8+ Re8 43. Rc7 {Threatens to win with Rf7+.} Re7 44. Rc6 Ng4 45. Rc8+ Re8 46. Rc7 {Rf7+ would kill now.} Re7 {[%cal Re7c7]} 47. Rc8+ Re8 48. Rc7 {Intending Rf7+ and mate.} Re7 {[%cal Re7c7]} 49. Nxh7+ Ke8 50. Rc8+ Kd7 51. Rh8 {[%mdl 8192]} (51. Ra8 $1 $11 {and White has nothing to worry.} Kc6 52. Nf8 Nxh6 53. Nxg6 (53. Rxa5 g5 $11)) 51... Kc6 $2 ({Better is} 51... Re8 $1 $19 {[%cal Re8h8]} 52. Rf8 Ke7 53. Rxe8+ Kxe8) 52. Ng5 {And now h7 would win.} Nxh6 53. Rxh6 {KRN-KR} a4 54. Rxg6 ({White should try} 54. Rh8 $1 $16) 54... a3 $11 55. Nxe6 {Black must now prevent Nc5+.} a2 56. Nc5+ Kb5 57. Ra6 ({Avoid the trap} 57. Nb3 $2 Re1+ 58. Kh2 Rb1 $19) 57... Re1+ 58. Kh2 a1=Q 59. Rxa1 Rxa1 {KR-KN} 60. f4 Kc4 $2 {[%mdl 8192] [#]} (60... Rd1 $11 {and Black is okay.} 61. Ne6 Kc6) 61. Ne6 $1 $18 Kd3 (61... Re1 $142 62. f5 Kb5) 62. f5 Rf1 63. g4 Rf3 {[#]} 64. Ng5 $1 {[%cal Rg5f3]} Rf1 65. Kg2 Ra1 66. Ne6 Ke4 67. f6 {White mates.} Ra7 68. f7 Rxf7 69. Ng5+ {[%mdl 64] Double Attack} Kxd4 70. Nxf7 Ke4 71. Kg3 {Weighted Error Value: White=0.24/Black=0.42} 1-0